000 00563nab a2200157Ia 4500
003 ES-SlBCS
005 20210601145429.0
008 140529s2002 xxu||||| |||| 00| 0 spa d
041 _aspa
100 1 _aQuintanar Rojas, Luis
_9312329
245 0 0 _aAnálisis neuropsicológico de las alteraciones del lenguaje
_c Luis Quintanar Rojas, Yulia Solovieva
650 0 4 _aAfasia-Alteraciones del Lenguaje
_9312330
773 0 _tRevista de Psicologia General y Aplicada
_gvol. 55, nº. 1, 2002, págs. 67-87
_wRev1347
700 1 _aSolovieva, Yulia
_9312331
942 _cAR
999 _c724275
_d724275